00389 2200157 4500001002100000008004100021035002000062245004000082100001500122260002800137020002200165084001400187082000800201650001000209990001200219INLIS000000000003341 ind  a0010-0226000007 aBleach Vol. 59 ( Komik )cTite Kubo aKubo, Tite aJakartabGramediac2015 a978-602-33-928-96 a741 KUB b a741 aKomik a0754516